Top 10 Goalkeepers by Market Value in World Football - Statistics

General Stats
  • This quiz has been taken 105 times
  • The average score is 9 of 10
Answer Stats
Club Market Value Goalkeeper % Correct
Manchester United 70 Mill. € David De Gea
100%
Liverpool 65 Mill. € Alisson Becker
92%
Manchester City 60 Mill. € Ederson Moraes
90%
Barcelona 80 Mill. € Marc-André ter Stegen
90%
Real Madrid 65 Mill. € Thibaut Courtois
88%
Atletico Madrid 80 Mill. € Jan Oblak
86%
Everton 40 Mill. € Jordan Pickford
85%
Chelsea 55 Mill. € Kepa Arrizabalaga
85%
AC Milan 50 Mill. € Gianluigi Donnarumma
70%
Ajax 35 Mill. € Andre Onana
64%
No matching quizzes found
Score Distribution
Percent of People with Each Score
Percentile by Number Answered
Your Score History
You have not taken this quiz